Stolice Krajów Samorządowych Czech - Statystyki

Ogólne statystyki
  • Ten quiz został rozwiązany 21 razy
  • Średni wynik to 9 z 14
Statystyki odpowiedzi
kraj samorządowy stolica % Poprawnych
Praga (miasto) Praga
100%
środkowoczeski Praga
100%
pilzneński Pilzno
90%
liberecki Liberec
85%
ołomuniecki Ołomuniec
80%
morawsko-śląski Ostrawa
75%
zliński Zlin
75%
południowomorawski Brno
70%
pardubicki Pardubice
70%
hradecki Hradec Kralove
60%
karlowarski Karlowe Wary
35%
ustecki Uście nad Łabą
25%
południowoczeski Czeskie Budziejowice
10%
Wysoczyna Igława
0%
Nie znaleziono quizów pasujących do podanych kryteriów
Rozkład punktacji
Procent ludzi z każdym wynikiem
Percentyl według liczby udzielonych odpowiedzi
Twoja historia wyników
Nie rozwiązałeś tego quizu